Vista normal
Vista MARC
Entrada Personal Name
Número de registros utilizados en: 6
001 - CONTROL NUMBER
- control field: 2251
003 - CONTROL NUMBER IDENTIFIER
- control field: OSt
005 - DATE AND TIME OF LATEST TRANSACTION
- control field: 20200331102615.0
008 - FIXED-LENGTH DATA ELEMENTS
- fixed length control field: 200331|| aca||aabn | a|a d
040 ## - CATALOGING SOURCE
- Original cataloging agency: OSt
- Transcribing agency: OSt
100 ## - HEADING--PERSONAL NAME
- Personal name: Castro Caycedo, Germán,
670 ## - SOURCE DATA FOUND
- Source citation: Work cat.: (OSt)3270: Castro Caycedo, Germán, autor, La bruja : coca, política y demonio /, 2003